000 010000000a22002170004500
001 058435
003 OSt
005 20091111103814.0
008 091111t xxu||||| |||| 00| 0 eng d
050 _aBX 2170 .C55K7
100 _aKrenz, Leo M.
245 _cLeo M. Krenz
_aOur way to the Father :
260 _aMilwaukee
_bThe Bruce Publishing company
_c1950
300 _ap. cm
550 _aTangaza Mary Immaculate Library
942 _cBK
_2lcc
999 _c64866
_d64866